Responses for show #7651 - Monday, December 11, 2017

Contestants

LaKedra Pam, a physician from Baton Rouge, Louisiana

Charlie Santiuste, a relationship manager from Charlottesville, Virginia

Ben Raphel, a healthcare data analyst from Boston, Massachusetts (whose 1-day cash winnings total $25,201)

Jeopardy! Round responses

DOGS IN HATS
THAT'S SOME SHAMELESS PANDERING
WHERE & WHEN
BEST SHORT FILM OSCARS
RECENT KIDS' BOOKS
MERCURY, VENUS OR MARS
    $200 3
a poodle

LaKedra
    $200 16
flattery

Charlie
    $200 1
Germany

Ben
    $200 11
Northern Ireland

Ben
    $200 12
lightning

Charlie
    $200 22
Venus Williams

Ben
    $400 4
a Yorkshire Terrier

Ben
    $400 17
to cater

Charlie
    $400 2
1903

LaKedra
    $400 14
Jacques Cousteau

LaKedra
    $400 13
Thumper

LaKedra
    $400 23
a Mars bar

Ben
    $600 8
the Shih Tzu

LaKedra
    $600 18
a toady

Charlie
    $600 5
London

Triple Stumper
    $600 15
(Norman) Rockwell

Ben
    $600 27
the cursed child

Ben
    $600 24
mercury poisoning

Ben
    $800 9
(Alex: That's a Welsh corgi.)

Wales

Charlie
    $800 19
indulge

LaKedra
    $800 6
the 17th

LaKedra
    $800 21
The Twilight Zone

Charlie
    $800 28
Llama Llama

LaKedra
    $800 25
Men are from Mars, Women are from Venus

Charlie
    $1000 10
a basset hound

LaKedra
    $1000 20
appeasement

Ben
    $1000 7
Mexico

LaKedra
    $1000 30
the Matterhorn

LaKedra
    $2,400 29
She Persisted

LaKedra
    $1000 26
Freddie Mercury

Ben

Scores at the first commercial break (after clue 15):

Ben Charlie LaKedra
$1,400 $1,000 $4,800

Scores at the end of the Jeopardy! Round:

Ben Charlie LaKedra
$5,200 $3,800 $9,800

Double Jeopardy! Round responses

20th CENTURY ART
TV WATERING HOLES
HOME SWEET HOME
ACID
PENINSULAS
"GREAT" STUFF
    $400 1
Jackson Pollock

LaKedra
    $400 11
(Alex: It was fun.)

Cheers

Ben
    $400 6
Monticello

LaKedra
    $400 22
aspirin

LaKedra
    $400 12
Florida

Ben
    $400 17
the great white shark

Ben
    $800 2
Guernica

Charlie
    $800 28
Three's Company

Charlie
    $800 7
Frank Lloyd Wright

Charlie
    $800 23
carbolic acid

Triple Stumper
    $800 13
Beirut

Ben
    $800 18
the Great Pumpkin

Charlie
    $1200 3
(Georgia) O'Keeffe

LaKedra
    $1200 27
Family Guy

Charlie
    $1200 8
Betsy Ross

LaKedra
    $1200 30
amino acids

Charlie
    $4,000 14
(Ben: What is the Kamatchka Peninsula?)

the Kamchatka Peninsula

Ben
    $1200 19
the Great Smoky Mountains

Charlie
    $1600 4
(Mark) Rothko

LaKedra
    $1600 26
(LaKedra: What is Bonanza?)

Gunsmoke

CharlieLaKedra
    $1600 9
the Vanderbilts

Charlie
    $1600 29
sulfuric acid

Charlie
    $1600 15
Qatar

Ben
    $1600 20
the Great Seal of the U.S.

LaKedra
    $2000 5
(Gustav) Klimt

LaKedra
    $2000 25
(Ben: Who is Data?)

Guinan

Ben
Triple Stumper
    $3,000 10
(Charlie: Who is Helen Keller?)

Carrie Nation

Charlie
    $2000 24
folic acid

LaKedra
    $2000 16
Hokkaido

LaKedra
    $2000 21
the great unwashed

LaKedra

Scores at the end of the Double Jeopardy! Round:

Ben Charlie LaKedra
$2,800 $12,400 $23,000

[wagering suggestions for these scores]

Final Jeopardy! Round responses

ANCIENT SYMBOLS
BenWhat are Mars & Earth?
$2,800
CharlieWhat are yin & yang?
$8,808
LaKedraWhat are are yin yang?
$1,801
yin and yang

Final scores:

Ben Charlie LaKedra
$0 $21,208 $24,801
3rd place: $1,000 2nd place: $2,000 New champion: $24,801

Game dynamics:

Coryat scores:

Ben Charlie LaKedra
$6,800 $15,400 $21,600
15 R,
2 W
(including 1 DD)
17 R,
1 W
(including 1 DD)
23 R
(including 1 DD),
1 W

Combined Coryat: $43,800

The J! Archive is created by fans, for fans. The Jeopardy! game show and all elements thereof, including but not limited to copyright and trademark thereto, are the property of Jeopardy Productions, Inc. and are protected under law. This website is not affiliated with, sponsored by, or operated by Jeopardy Productions, Inc. Join the discussion at JBoard.tv.